| 000 | 00456nam a2200181Ia 4500 | ||
|---|---|---|---|
| 001 | 14865 | ||
| 005 | 20260306164945.0 | ||
| 008 | 260306t2015||||xx |||||||||||||| ||spa|| | ||
| 041 | _aESP | ||
| 082 |
_a519.5 _bD88 |
||
| 100 |
_aDomínguez Domínguez, Jorge _eAUT |
||
| 245 | 0 | _aEstadística para administración y economía | |
| 260 | _c2015 | ||
| 300 |
_axxv, 607 páginas : _c24 cm. |
||
| 650 | _aGEN | ||
| 654 | _aCMA | ||
| 942 |
_cLIB _dJUS _fJUS _2ddc _n |
||
| 999 |
_c14865 _d14865 |
||